|
|
|
|
| LEADER |
00000nam a2200000 a 4500 |
| 001 |
vtls001478188 |
| 003 |
SK-MaSNL |
| 005 |
20260301163755.0 |
| 008 |
251113s2003 xo a 0 slo |
| 015 |
|
|
|a SNBE2004/03-01309
|
| 020 |
|
|
|a 8080563632
|
| 035 |
|
|
|a SNK000433488
|
| 040 |
|
|
|a SNK
|b slo
|c SNK
|e AACR2
|
| 043 |
|
|
|a e-xo---
|
| 044 |
|
|
|a xo
|c SK
|
| 072 |
|
7 |
|a 913(4)
|x Geografia Európy, reálie, cestovanie
|2 konspekt
|
| 080 |
|
|
|a 908(437.61)
|2 1981
|
| 080 |
|
|
|a 908(437.61)(083.9)
|2 2. slo
|
| 080 |
|
|
|a (036)
|2 1981
|
| 245 |
1 |
|
|a Chotín
|b pozoruhodnosti
|c spolupráca: Lucza rod. Sárai Sára, Palcsó Attila
|
| 250 |
|
|
|a [1. vyd.]
|
| 260 |
|
|
|a Komárno
|b KT
|c 2003
|
| 300 |
|
|
|a 16 s.
|b fotogr.
|c 17 x 12 cm
|
| 490 |
1 |
|
|a Malá vlastivedná knižnica
|v č. 120
|
| 500 |
|
|
|a Obalový názov
|
| 651 |
|
7 |
|a Komárno (Slovensko : okres)
|2 SNKPH
|9 15954
|
| 651 |
|
7 |
|a Chotín (Slovensko)
|2 SNK
|9 26165
|
| 655 |
|
7 |
|a informačné publikácie
|2 SNK
|9 70181
|
| 655 |
|
7 |
|a informačné publikácie
|2 SNK
|9 70181
|
| 700 |
1 |
|
|a Palcsó, Attila
|4 spo
|9 530243
|
| 830 |
|
0 |
|a Malá vlastivedná knižnica
|9 276523
|
| 919 |
|
|
|a 80-8056-363-2
|
| 999 |
|
|
|c 818177
|d 820107
|
| 952 |
|
|
|t P60, <03>, [BOOK], {603}
|a SNK
|b SNK
|y PREZ
|7 0
|p 17A0435102
|o snkOSD 8767
|i snkKSP 9115/2004
|0 0
|1 0
|4 0
|d 2004-07-12
|l 0
|r 2005-01-02 00:00:00
|w 2026-02-24
|
| 952 |
|
|
|t P60, <04>, [BOOK], {604}
|a SNK
|b SNK
|y VYP
|7 0
|p 17A0435103
|o snkOSD 8767 D1
|i snkKSP 9116/2004
|0 0
|1 0
|4 0
|d 2004-07-12
|l 0
|r 2005-01-02 00:00:00
|w 2026-02-24
|